000 01091cab a2200229 4500
001 WB3520-02
008 090401t1999 xxu||||| |||| 00| 0 eng d
035 _a(Sirsi) u93618
041 _aeng
245 _aCredit blitz planned
260 _c1999
350 _a0
490 _aContract Journal
_v398 (6227) 26 May 1999, 7(1)
520 _aThe Confederation of Construction Specialists (CCS) is developing a credit rating service that will monitor the payment performance of main contractors. There will be two ratings. One will be a record of the elapsed time between the specialist submitting valuations to a contractor for payment, and actually receiving payment. The other will track the difference between the original subcontract sum and the final account, pinpointing contractors who consistently force specialists to accept less than full payment.
650 _aCONFEDERATION OF CONSTRUCTION SPECIALISTS
650 _aCONSTRUCTION SPECIALISTS
650 _aCREDIT RATINGS
650 _aLATE PAYMENTS
690 _aBUILT ENVIRONMENT
942 _n0
948 _c27/05/1999
999 _c59332
_d59332